Southville International School and Colleges
Your cart is empty.
  • Cart
  • Lists
    Public lists list_1 View all
    Your lists Log in to create your own lists
  • Log in to your account
  • Your cookies
  • Search history
Southville International School and Colleges
  • Advanced search
  • Recent comments
  • Most popular
  • Libraries

Log in to your account

Log in with GOOGLE


If you do not have an external account, but do have a local account, you can still log in:

  1. Home
  2. MARC view: Card tricks anyone can do /
Normal view MARC view ISBD view

Card tricks anyone can do / (Record no. 10241)

[ view plain ]
MARC details
000 -LEADER
fixed length control field 00476nam a22001697a 4500
003 - CONTROL NUMBER IDENTIFIER
control field SISC
005 - DATE AND TIME OF LATEST TRANSACTION
control field 20160224132124.0
008 - FIXED-LENGTH DATA ELEMENTS--GENERAL INFORMATION
fixed length control field 130903t xxu||||| |||| 00| 0 eng d
050 ## - LIBRARY OF CONGRESS CALL NUMBER
Classification number QB 225
Item number .P322 1968
082 ## - DEWEY DECIMAL CLASSIFICATION NUMBER
Classification number HS 795.4
Item number Pa27 1968
100 ## - MAIN ENTRY--PERSONAL NAME
Personal name Patton, Temple C.
9 (RLIN) 16295
245 ## - TITLE STATEMENT
Title Card tricks anyone can do /
Statement of responsibility, etc Patton, Temple C.
260 ## - PUBLICATION, DISTRIBUTION, ETC. (IMPRINT)
Place of publication, distribution, etc New York :
Name of publisher, distributor, etc Cornerstone library,
Date of publication, distribution, etc c1968.
300 ## - PHYSICAL DESCRIPTION
Extent 141 p. :
Other physical details ill. ;
Dimensions 20 cm.
942 ## - ADDED ENTRY ELEMENTS (KOHA)
Source of classification or shelving scheme Library of Congress Classification
Koha item type Books
Holdings
Withdrawn status Lost status Source of classification or shelving scheme Damaged status Home library Current library Shelving location Date acquired Total Checkouts Full call number Barcode Date last seen Copy number Price effective from Koha item type
    Library of Congress Classification   Luxembourg Library Luxembourg Library   09/03/2013   QB 225 .P322 1968 4292 02/24/2016 1 10/03/2013 Books

Card tricks anyone can do /

APA

Patton T. C., . (1968). Card tricks anyone can do. New York: Cornerstone library.

Chicago

Patton Temple C, . 1968. Card tricks anyone can do. New York: Cornerstone library.

Harvard

Patton T. C., . (1968). Card tricks anyone can do. New York: Cornerstone library.

MLA

Patton Temple C, . Card tricks anyone can do. New York: Cornerstone library. 1968.

  • Place hold
  • Print
  • Cite
  • Add to your cart (remove)
  • Save record
    BIBTEX Dublin Core MARCXML MARC (non-Unicode/MARC-8) MARC (Unicode/UTF-8) MARC (Unicode/UTF-8, Standard) MODS (XML) RIS
  • More searches
    Search for this title in:
    Other Libraries (WorldCat) Other Databases (Google Scholar) Online Stores (Bookfinder.com) Open Library (openlibrary.org)

Exporting to Dublin Core...

SOUTHVILLE LIBRARY

Southville International School and Colleges Library

1281 Tropical Ave. Cor. Luxembourg St., BF Homes International, Las Pinas City

Tel. No. 8256374 / 252358 Loc. 117/146

Powered by Koha